000
00321nam a22001337a 4500
008
181017b xxu||||| |||| 00| 0 eng d
020
_a
9780472088591
041
_a
eng
080
_a
820
100
_a
21
101
_a
GJL
245
_a
Realism & Institutionalism in International studies
_c
Brecher,M
942
_2
udc
_c
BK
999
_c
50042
_d
50042